000
00284nam a22001097a 4500
008
160518b xxu||||| |||| 00| 0 eng d
020
_a
0130417424
041
_a
eng
080
_a
615
245
_a
Understanding pharmacology for health professionals:
_c
Susan M. Turley;
942
_2
udc
_c
BK
999
_c
2168
_d
2168